000 00279nam a22001217a 4500
008 180809b xxu||||| |||| 00| 0 eng d
041 _aeng
080 _a541
100 _a12
101 _aKIM
245 _aBody Fluids and the Acid-Base Balance
_cSaunders,W.B
942 _2udc
_cBK
999 _c46951
_d46951